000 00401nam a22001697a 4500
005 20160630152130.0
008 160630b xxu||||| |||| 00| 0 eng d
020 _a81-88458-10-4
041 _aeng
082 _b16919
100 _aRajput, R K
_93270
245 _aStrength of Materials
260 _bS.K. Kataria & Sons
_c2007
300 _a290
650 _aDiploma Engineering
_9817
942 _cBK
999 _c4961
_d4959